00669nam a2200241 a 4500001001300000003000900013005001700022008004100039020001000080082001700090100002600107245002100133260004000154300000900194500003500203505001300238650002300251700002600274902000800300942000700308952009700315999001500412nice12345678IN_TiNIC20260116011536.0050524s1931 isfa grp 000 0 ara  ac10000a297.409bMOO aMoosvi, Zainulabideen aRauzatul Jannat. aIsfahanbGulbahar Kitab Khanac1931 a239p aincludes index and biblioraphy2 aarchives aSufism-Hagiography1 aMoosvi, Zainulabideen bRHR cBK 00104070aHMIbHMId2007-07-03g100.00l0o297.409 MOOp4280r2007-07-03w2026-01-16yARB c2466d2466